| 000 | 00000cam 2200000za 4500 |
| 001 | 9.581170 |
| 003 | CaOODSP |
| 005 | 20260305083723 |
| 007 | cr ||||||||||| |
| 008 | 150406|1995||||xxc|||||o f|0| 0 eng d |
| 040 | |aCaOODSP|beng |
| 043 | |an-cn--- |
| 086 | 1 |aJ3-7/1996-14E-PDF |
| 110 | 1 |aCanada.|bJustice Canada. |bPolicy Sector. |
| 245 | 10|aViolence against persons who prostitute : |h[electronic resource]|bthe experience in British Columbia / |c[by] John Lowman, Laura Fraser. |
| 250 | |aUnedited |
| 260 | |aOttawa - Ontario : |bJustice Canada. |c1995. |
| 300 | |a242p.|bfigs., references, tables |
| 490 | 1 |aTechnical report|vTR1996-14e |
| 500 | |a"The present study was funded by the Solicitor General Canada and by the Research and Statistics Section, Department of Justice Canada."--Page 3 of 242 (title page). -- Digitized from print. |
| 590 | |a14-20-Supp|b2014-11-25 |
| 690 | 07|aProstitution|2gcpds |
| 690 | 07|aVictims|2gcpds |
| 690 | 07|aViolence|2gcpds |
| 710 | 1 |aCanada. |bSolicitor General Canada. |
| 830 | #0|aTechnical report ;|vTR1996-14e|w(CaOODSP)9.505667 |
| 856 | 40|ahttp://publications.gc.ca|qPDF|s40,854 KB|uhttps://publications.gc.ca/collections/collection_2014/jus/J3-7-1996-14-eng.pdf|yTR1996-14e |